000 00187nam a2200085 4500
001 1257716
005 20260218133843.0
245 _aBABI ESRAR
_cAHMET ÜMİT
260 _bYAPI KREDİ YAYINLARI
999 _c1257716
_d1257716